000 00399nam a2200193Ia 4500
001 14282
003 GE_BSU
008 181216s||||||||xx |||||||||||||| ||und||
020 _a0586053778
040 _cGE_BSU
080 _a1
100 _aFowles,John
245 4 _aThe Aristos.
260 _bTread Granada
260 _c1980
300 _a206p.18cm.
653 _aThe A Aristos.
942 _cBK
999 _c47420
_d47420